000 00597nam a2200241Ia 4500
999 _c12908
_d12908
003 0100
005 20190702101320.0
008 130303s9999 xx 000 0 und d
020 _a531025705
040 _cARRUPELIB
050 _aHC51 .F63
100 _aForman, James D
_946749
245 _aCapitalism
245 _beconomic individualism to today's welfare state
260 _aNew York
_bF. Watts
_c1972
300 _aviii
300 _b 134p. 24cm.
440 _aStudies in contemporary politics
_946750
650 _bCapitalism
_xHistory
_921324
700 _aJames D. Forman
_946751
942 0 0 _06
_2lcc
_cMONOGRAPH